Trenerzy Chelsea Londyn - nagła śmierć - Statystyki

Ogólne statystyki
  • Ten quiz został rozwiązany 286 razy
  • Średni wynik to 10 z 15
Answers on the Grid
Answers color-coded by a green-red scale on the quiz's grid according to % correct below.
José Mourinho
Zinedine Zidane
Pep Guardiola
Carlo Ancelotti
Antonio Conte
Alex Ferguson
Diego Simeone
Frank Lampard
Roberto Mancini
Thomas Tuchel
Arsène Wenger
Enzo Maresca
Julen Lopetegui
Paulo Sousa
Mauricio Pochettino
Rafael Benítez
Gareth Southgate
Maurizio Sarri
Luiz Felipe Scolari
Luis Enrique
Julian Nagelsmann
Guus Hiddink
Jürgen Klopp
André Villas-Boas
Ryan Giggs
Roberto Di Matteo
Hans-Dieter Flick
Graham Potter
Claudio Ranieri
Unai Emery
Roberto Martinez
Jerzy Brzęczek
 
Statystyki odpowiedzi
Odpowiedź % Poprawnych
José Mourinho
97%
Antonio Conte
90%
Frank Lampard
90%
Carlo Ancelotti
81%
Enzo Maresca
79%
Thomas Tuchel
79%
Graham Potter
67%
Mauricio Pochettino
65%
Maurizio Sarri
65%
Roberto Di Matteo
61%
André Villas-Boas
54%
Guus Hiddink
52%
Claudio Ranieri
51%
Rafael Benítez
43%
Luiz Felipe Scolari
42%
Nie znaleziono quizów pasujących do podanych kryteriów
Rozkład punktacji
Procent ludzi z każdym wynikiem
Percentyl według liczby udzielonych odpowiedzi
Twoja historia wyników
Nie rozwiązałeś tego quizu